000 00620nam a2200229Ia 4500
003 OSt
005 20221006164216.0
006 a|||||r|||| 00| 0
007 ta
008 221006b |||||||| |||| 00| 0 eng d
024 _a2,277
037 _cTextual
040 _aFML
_cFML
_beng
041 _2eng
_aeng
082 _aY714:1.216, H8
100 _aRao Beudabudi Subba Au.
_9676857
245 0 _aStone Age Culture of Bellary
260 _aPuna
_bDeccan College Press
_c1948
300 _a62
_ccm.
942 _hY714:1.216, H8
_cTEXL
_2CC
999 _c1116524
_d1116524